03619nab a22006257 4500003000900000022001400009040001800023041000800041044000700049245009200056260002500148300004300173505001100216505003100227505009300258505002700351505008700378505002300465505009800488505001900586505008800605505002100693505008900714505009600803505004300899505011900942505002901061505008201090505004801172505004601220505004701266505019101313505003601504505005401540505005601594505011401650505016501764505003501929505006401964505002102028505009202049505003402141505010602175505001702281505009802298505002602396505010402422505005002526505005502576505005602631505011602687505008302803650003302886773007402919AR-RoUNA a0327-9022 aAR-RoUNAbspa aspa aag aSumma+ / bVivienda Colectiva - Usos Mixtos - Pieles - Densidad Media - Vivienda Social aBuenos Aires ,c1993 a128 p. :bil. byn.bplanosc34 X25 cm.0 tINDICE0 tENFRENTANDO LA CIUDAD REAL0 aVigliecca & Assoc / Residencial Parque Novo Santo Amaro V, San Pablo, Brasil, 2012. p. 40 tPERMA - CULTURA URBANA0 aTeeple Architects INC. / 60 Richmond Housing CO-OP, Ontario, Canadá, 2010. p. 120 tOJOS EN LA ESPALDA0 aTerminal 01 (Kei Karaguchi + Keigo Miki) / Departamentos en Horie Park, Osaka, Japón. p. 200 tCAJAS DE IDEAS0 aEspinoza Carnaval CIA LTDA Arqs & Ing. / Edificio 03 98, Loja, Ecuador, 2012. p. 260 tCINTA DINÁMICA0 aJorge Hernández de la Garza / Smooth Building, Nuevo León, México, 2010. p. 340 aDiego Barajas y Camilo García / Cotidianeidades doméstico - productivo en Madrid. p. 400 tA TRAVÉS DE MIS PERSIANAS AMERICANAS0 aShigeru Ban Architects + Dean Maltz arq. / Casa de las persianas de metal, Nueva York, Estados Unidos, 2009. p. 500 tGAVETO DE PIEDRA MÓVIL0 aAlberto de Souza Oliveira / Bloque de piedra de Lisboa, Portugal, 2011. p. 560 tPERFORACIONES VEGETALES Y FOLLAJE DE REMATE0 aAT103 / TK139, D.F. México, 2012. p. 620 tEL HORMIGÓN ES NEGRO: EL ZINC, PERFORADO0 aMWDM arq. S.C.P & Vas arq. S.L.P / Edificio de 46 viviendas de protección oficial para gente mayor con servicios adjuntos y 212 plazas de aparcamiento, Barcelona, España, 2009. p. 660 tÉL BAJÓ SU TOLDO MOTORIZADO0 aGroup 8 / Casa Coral, Ginebra, Suiza, 2011. p. 720 aDavid Heymann / Un montínculo en el bosque. p. 760 tTERRITORIOS DE EXCEPCIÓN: Transformación de la Torre Bdis-Le-Prétre en el distrito 17 de París. p. 840 aFrederic Druot, Anne Lacaton & Jean Philippe Vassal, arqs. / Transformación de la Torre Bois-Le Prëtre; ampliación de cien departamentos existentes. p. 840 tCUATRO POR OCHO SESENTA Y SEIS0 aMoca arq. / Edificio Holmberg, CABA, Argentina, 2012. p. 940 tQUEBRAR FACHADAS0 aSilvana Parentella y Joaquín Sánchez Gómez / Edificio Campos Salles, 2011. p. 1000 tDOBLE PATIO, USOS MÚLTIPLES0 aBárbara Moyano Gacitáu, Florencia Rausch y Susana Barra / Edificio Dos Patios, CABA, 2010. p. 1040 tMIXTURA FINA0 aErlich - Paiva Studio A+I / Edificio Malabia 933 - Fábrica de chocolate, CABA, 2011. p. 1080 tCOMO PEQUEÑAS CASAS0 aMVS Oficina de arquitectura - Fernán Goldin / Edificio Nuñez 3453, Saavedra, CABA, 2011. p. 1120 aIgancio Ros de Olano / Quito en papel. p. 1190 aRuth Verde Zein / Le Corbusier y San Pablo. p. 1200 aRoberto Fernández / Más allá de Klimt. p. 1250 aHoracio Caride BARTRINS, David Dal Castello, Rita Molinos, Mario Sabugo / Saint - Simon y la Pirámide. p. 1260 aAna Luiza Nobre / Oscar Niemeyer (1907 - 2012) / Como si fuese fácil. p. 128 aArquitectura contemporánea0 aSumma+dBuenos Aires, ArgentinagNº127 (dic-2012), p. 128x0327-9022